| 000 | 00621nam a2200205Ia 4500 | ||
|---|---|---|---|
| 005 | 20240217113916.0 | ||
| 008 | 131103s9999 xx 000 0 und d | ||
| 020 |
_a81-250-1429-2 _cRs. 495 |
||
| 040 | _aLoreto College | ||
| 041 | _aEnglish | ||
| 082 |
_a370.954 _bBHA |
||
| 245 | 4 |
_aThe Contested Terrain - _b Perspectives on Education in India, _cEdited by Sabyasachi Bhattacharya |
|
| 260 |
_aDelhi _bOrient Longman _c1998 |
||
| 300 | _axiii,446p., 22cm. | ||
| 504 | _aIncludes references and index | ||
| 650 | _aEducation-India | ||
| 700 | _aBhattacharya, Sabyasachi ed. | ||
| 850 | _aLCLIB | ||
| 942 | _cBK | ||
| 999 |
_c2025 _d52504 |
||